| 000 | 04362nam0a2200505 4500 | ||
|---|---|---|---|
| 001 | RU\NLR\BIBL_A\011551095 | ||
| 005 | 20250630155459.0 | ||
| 020 |
_aRU _b10456 _9Сводный каталог листовок первых лет Советской власти (25 октября (7 ноября) 1917 - 1925) Т.4 (Ч.2). Листовки советских, партийных, профсоюзных, комсомольских и других организаций губерний РСФСР |
||
| 035 | _a(NLR Aleph) 011551095 | ||
| 090 |
_a12243428 _c12243428 |
||
| 100 | _a20171208d1919 |||y0rusy50 ca | ||
| 101 | 0 | _arus | |
| 102 | _aRU | ||
| 105 | _ay z 000zy | ||
| 135 | _acrcn 024anaba | ||
| 200 | 1 |
_aОбъявление. "Сапожковский уездный отдел труда и социального обеспечения объявляет ..." _e[листовка _fСапожковский уезд. исполнительный комитет Советов] |
|
| 210 |
_a[Сапожок _cб. и. _d1919] |
||
| 215 |
_a1 с. в 2 стб. _d33x18 |
||
| 300 | _aПодписи: заведыв. Отделом труда П. Огольцов; заведыв. П/отделом распр. рабочей силы П. Мещеряков; конторщик С. Савельев | ||
| 325 | _aКопия доступна в Электрон. б-ке РНБ | ||
| 327 | 1 | _aПриводится текст Постановления чрезвычайного уполномоченного Совета рабоче-крестьянской обороны по снабжению Красной армии и флота и Наркомтрудсобеза о трудовой мобилизации слесарей, токарей, лекальщиков и инструментальщиков | |
| 517 | 1 | _aСапожковский уездный отдел труда и социального обеспечения объявляет ... | |
| 540 | 1 | _aПриводится текст Постановления чрезвычайного уполномоченного Совета рабоче-крестьянской обороны по снабжению Красной армии и флота и Наркомтрудсобеза о трудовой мобилизации слесарей, токарей, лекальщиков и инструментальщиков | |
| 540 | 1 | _aПостановление чрезвычайного уполномоченного Совета рабоче-крестьянской обороны по снабжению Красной армии и флота и Наркомтрудсобеза о трудовой мобилизации слесарей, токарей, лекальщиков и инструментальщиков | |
| 607 |
_aРСФСР _jЛистовки _xПолитика и управление _y1917 - 1925 _92312782 _3RU\NLR\auth\6601609564 |
||
| 686 | 0 | _aТ3(2)71-313,011 | |
| 686 | 1 | _aТ3(2Р-4Ря)712-3,011 | |
| 702 | 1 |
_4720 _aСавельев _bС. _cсотрудник уездн. отдела труда _9184922 _3RU\NLR\AUTH\770184973 |
|
| 702 | 1 |
_4720 _aОгольцов _bП. П. _cгос. служащий _9184919 _3RU\NLR\AUTH\770184970 |
|
| 702 | 1 |
_4720 _aМещеряков _bП. _cответств. работник уездн. отдела труда _9184921 _3RU\NLR\AUTH\770184972 |
|
| 710 | 0 | 2 |
_aСапожковский уездный отдел труда и социального обеспечения _9583257 _3RU\NLR\AUTH\880460266 |
| 712 | 0 | 2 |
_4570 _aСапожковский уездный исполнительный комитет Советов _9457985 _3RU\NLR\AUTH\880395820 |
| 742 | 1 |
_aРСФСР _c1917-1922 _tЗаконы и постановления _9551047 _3RU\NLR\AUTH\880443530 |
|
| 852 | 0 | 0 |
_aNLR _bФЛ _j48/95 |
| 856 | 0 | _uhttps://vivaldi.nlr.ru/ll000000303/view | |
| 856 | 1 | _uhttps://vivaldi.nlr.ru/ll000000303/cover | |
| 856 | 2 | _uhttps://vivaldi.nlr.ru/ll000000303/text | |
| 942 | _cBOOK | ||
| 980 | _aNB | ||
| 981 | 2 | 1 |
_a(21) Листовки _b(21) Листовки 1919 года |